[Event "29. Klatovy C 2023"]
[Site "Klatovy"]
[Date "2023.07.05"]
[Round "5.5"]
[White "Plasek, Zdenek"]
[Black "Macho, Miloslav"]
[Result "1/2-1/2"]
[WhiteElo "1914"]
[BlackElo "1705"]
[PlyCount "76"]
[EventDate "2023.07.01"]
[EventType "swiss"]
[EventRounds "9"]
[EventCountry "CZE"]
[TimeControl "120+30"]

1. d4 {[%emt 0:09:26]} Nf6 {[%emt 0:00:28]} 2. c4 {[%emt 0:00:27]} e6 {[%emt 0:00:13]} 3. Nf3 {[%emt 0:00:20]} b6 {[%emt 0:00:10]} 4. g3 {[%emt 0:00:21]} Bb7 {[%emt 0:00:10]} 5. Bg2 {[%emt 0:00:03]} Bb4+ {[%emt 0:01:48]} 6. Bd2 {[%emt 0:00:11]} Be7 {[%emt 0:01:22]} 7. O-O {[%emt 0:00:24]} O-O {[%emt 0:00:50]} 8. Nc3 {[%emt 0:01:31]} Ne4 {[%emt 0:08:19]} 9. Ne1 {[%emt 0:11:15]} Nxc3 {[%emt 0:01:03]} 10. Bxc3 {[%emt 0:00:11]} Bxg2 {[%emt 0:00:08]} 11. Nxg2 {[%emt 0:00:02]} d6 {[%emt 0:08:41]} 12. d5 {[%emt 0:00:54]} e5 {[%emt 0:02:10]} 13. e4 {[%emt 0:00:27]} Nd7 {[%emt 0:00:50]} 14. Qe2 {[%emt 0:01:28]} Bg5 {[%emt 0:05:21]} 15. f4 {[%emt 0:02:42]} Bf6 {[%emt 0:03:20]} 16. f5 {[%emt 0:04:48]} a5 {[%emt 0:00:58]} 17. Be1 {[%emt 0:01:06]} Nc5 {[%emt 0:04:26]} 18. Bf2 {[%emt 0:02:06]} Nd7 {[%emt 0:00:40]} 19. h4 {[%emt 0:01:03]} Nc5 {[%emt 0:05:13]} 20. Rac1 {[%emt 0:07:54]} Be7 {[%emt 0:03:37]} 21. Rc3 {[%emt 0:00:40]} f6 {[%emt 0:02:25]} 22. g4 {[%emt 0:01:49]} Qe8 {[%emt 0:03:35]} 23. Rg3 {[%emt 0:00:39]} Rb8 {[%emt 0:03:27]} 24. g5 {[%emt 0:12:31]} b5 {[%emt 0:03:13]} 25. Bxc5 {[%emt 0:05:09]} dxc5 {[%emt 0:00:02]} 26. b3 {[%emt 0:00:25]} bxc4 {[%emt 0:00:23]} 27. bxc4 {[%emt 0:01:28]} Qa4 {[%emt 0:03:25]} 28. Rc1 {[%emt 0:03:57]} Rb4 {[%emt 0:01:33]} 29. Rc2 {[%emt 0:03:59]} Rb1+ {[%emt 0:04:30]} 30. Kf2 {[%emt 0:04:27]} Rfb8 {[%emt 0:03:28]} 31. Kf3 {[%emt 0:01:32]} Rh1 {[%emt 0:08:43]} 32. Kg4 {[%emt 0:00:35]} fxg5 {[%emt 0:06:43]} 33. hxg5 {[%emt 0:00:47]} Qe8 {[%emt 0:02:28]} 34. Kf3 {[%emt 0:01:24]} Rbb1 {[%emt 0:04:54]} 35. Kf2 {[%emt 0:02:09]} Qa4 {[%emt 0:04:33]} 36. Ne3 {[%emt 0:03:13]} Rh2+ {[%emt 0:00:56]} 37. Ng2 {[%emt 0:01:32]} Rhh1 {[%emt 0:02:57]} 38. Ne3 {[%emt 0:00:57]} Rh2+ {[%emt 0:06:56]} 1/2-1/2

[Event "29. Klatovy C 2023"]
[Site "Klatovy"]
[Date "2023.07.05"]
[Round "5.6"]
[White "Skopec, Lubos"]
[Black "Danko, Jiri"]
[Result "1-0"]
[WhiteElo "1824"]
[BlackElo "1873"]
[PlyCount "79"]
[EventDate "2023.07.01"]
[EventType "swiss"]
[EventRounds "9"]
[EventCountry "CZE"]
[TimeControl "120+30"]

1. e4 {[%emt 0:00:02]} e5 {[%emt 0:00:07]} 2. Nf3 {[%emt 0:00:06]} Nc6 {[%emt 0:00:25]} 3. c3 {[%emt 0:00:43]} d5 {[%emt 0:00:38]} 4. Bb5 {[%emt 0:00:30]} dxe4 {[%emt 0:01:49]} 5. Nxe5 {[%emt 0:00:18]} Qg5 {[%emt 0:03:28]} 6. d4 {[%emt 0:04:22]} Qxg2 {[%emt 0:01:58]} 7. Rf1 {[%emt 0:01:00]} Bh3 {[%emt 0:05:54]} 8. Qb3 {[%emt 0:03:45]} O-O-O {[%emt 0:37:57]} 9. Nxf7 {[%emt 0:10:49]} Bd6 {[%emt 0:39:10]} 10. Nxh8 {[%emt 0:17:19]} Qxh2 {[%emt 0:06:35]} 11. Nf7 {[%emt 0:12:17]} Rf8 {[%emt 0:00:54]} 12. Nxd6+ {[%emt 0:08:41]} cxd6 {[%emt 0:00:13]} 13. Be3 {[%emt 0:00:23]} Bxf1 {[%emt 0:12:28]} 14. Bxf1 {[%emt 0:00:29]} Qh4 {[%emt 0:01:28]} 15. Nd2 {[%emt 0:04:13]} Qg4 {[%emt 0:00:19]} 16. Be2 {[%emt 0:01:22]} Qf5 {[%emt 0:00:32]} 17. O-O-O {[%emt 0:02:29]} Nf6 {[%emt 0:00:43]} 18. Rg1 {[%emt 0:01:49]} g6 {[%emt 0:03:19]} 19. Rg5 {[%emt 0:03:13]} Qd7 {[%emt 0:00:35]} 20. Rg3 {[%emt 0:08:52]} Kc7 {[%emt 0:01:12]} 21. Nf1 {[%emt 0:06:07]} d5 {[%emt 0:02:30]} 22. Nh2 {[%emt 0:05:09]} Qe6 {[%emt 0:02:19]} 23. Ng4 {[%emt 0:01:15]} Nh5 {[%emt 0:00:23]} 24. Rg2 {[%emt 0:08:39]} Nf4 {[%emt 0:00:38]} 25. Bxf4+ {[%emt 0:00:14]} Rxf4 {[%emt 0:00:12]} 26. Qd1 {[%emt 0:01:55]} h5 {[%emt 0:01:19]} 27. Ne3 {[%emt 0:00:59]} Ne7 {[%emt 0:00:34]} 28. Qg1 {[%emt 0:02:32]} Qf7 {[%emt 0:00:59]} 29. Kd2 {[%emt 0:04:12]} a6 {[%emt 0:00:32]} 30. Ke1 {[%emt 0:02:11]} Kc6 {[%emt 0:01:00]} 31. Rg3 {[%emt 0:03:01]} Rf6 {[%emt 0:00:24]} 32. Qg2 {[%emt 0:02:31]} Rf4 {[%emt 0:00:23]} 33. Bd1 {[%emt 0:04:48]} b5 {[%emt 0:00:59]} 34. Rg5 {[%emt 0:00:43]} Qf6 {[%emt 0:01:19]} 35. Re5 {[%emt 0:02:55]} Qh4 {[%emt 0:00:59]} 36. Bb3 {[%emt 0:01:09]} a5 {[%emt 0:01:32]} 37. Bxd5+ {[%emt 0:00:07]} Kd6 {[%emt 0:00:36]} 38. Ba8 {[%emt 0:03:37]} Rf3 {[%emt 0:00:30]} 39. Rxe4 {[%emt 0:00:42]} Rf4 {[%emt 0:00:10]} 40. Rxf4 {[%emt 0:00:38]} 1-0

[Event "29. Klatovy C 2023"]
[Site "Klatovy"]
[Date "2023.07.05"]
[Round "5.9"]
[White "Havelka, Petr"]
[Black "Hlavac, Rudolf"]
[Result "1/2-1/2"]
[WhiteElo "1770"]
[BlackElo "1827"]
[PlyCount "52"]
[EventDate "2023.07.01"]
[EventType "swiss"]
[EventRounds "9"]
[EventCountry "CZE"]

1. d4 d5 2. Nf3 Nf6 3. Bf4 g6 4. e3 Bg7 5. Nbd2 O-O 6. Be2 b6 7. O-O c5 8. c3 Bb7 9. Ne5 Nfd7 10. h4 f6 11. Nxd7 Nxd7 12. g4 e5 13. Bg3 Qe7 14. Nf3 f5 15. g5 Rae8 16. Bb5 f4 17. exf4 exf4 18. Re1 Qd8 19. Rxe8 Qxe8 20. Bh2 Qe6 21. Qf1 a6 22. Bxd7 Qxd7 23. Re1 Bc6 24. Ne5 Bxe5 25. Rxe5 Qg4+ 26. Qg2 Qd1+ 1/2-1/2

[Event "29. Klatovy C 2023"]
[Site "Klatovy"]
[Date "2023.07.05"]
[Round "5.10"]
[White "Skalny, Petr"]
[Black "Richter, Martin1"]
[Result "0-1"]
[WhiteElo "1561"]
[BlackElo "1946"]
[PlyCount "54"]
[EventDate "2023.07.01"]
[EventType "swiss"]
[EventRounds "9"]
[EventCountry "CZE"]

1. f4 d5 2. d4 g6 3. e3 Bg7 4. Nf3 Nf6 5. Bd3 b6 6. O-O Ba6 7. Bxa6 Nxa6 8. Bd2 c5 9. c3 O-O 10. Be1 Nc7 11. Nbd2 Ne4 12. Nxe4 dxe4 13. Ng5 cxd4 14. exd4 f5 15. Qb3+ Qd5 16. Qxd5+ Nxd5 17. Bh4 Bf6 18. g3 Rfc8 19. Kf2 Rc6 20. Ke2 b5 21. a3 a5 22. Nh3 Bxh4 23. gxh4 Rac8 24. Rg1 b4 25. axb4 axb4 26. Ra5 e6 27. h5 bxc3 0-1

[Event "29. Klatovy C 2023"]
[Site "Klatovy"]
[Date "2023.07.05"]
[Round "5.11"]
[White "Kucera, Jiri"]
[Black "Prachar, Josef"]
[Result "1-0"]
[WhiteElo "1920"]
[BlackElo "1732"]
[PlyCount "99"]
[EventDate "2023.07.01"]
[EventType "swiss"]
[EventRounds "9"]
[EventCountry "CZE"]

1. e4 c5 2. d3 Nc6 3. g3 g6 4. Bg2 Bg7 5. Nf3 d6 6. O-O e6 7. c3 Nge7 8. Bg5 h6 9. Be3 O-O 10. Qd2 Kh7 11. d4 d5 12. e5 Nf5 13. Na3 Nxe3 14. fxe3 a6 15. Nc2 c4 16. e4 Ne7 17. Ne3 dxe4 18. Nh4 Bxe5 19. Nxc4 Bg7 20. Bxe4 f5 21. Bg2 Qc7 22. Qe2 g5 23. Nf3 Ng6 24. Rae1 Bd7 25. Nfe5 Nxe5 26. Nxe5 Be8 27. Qc2 Kg8 28. Qb3 Bf7 29. Nxf7 Qxf7 30. Rxe6 Kh8 31. Rfe1 Rab8 32. Bd5 Qh5 33. Qb6 f4 34. Re7 f3 35. Rf1 g4 36. Qe6 Rbd8 37. Bb3 Rde8 38. Rxe8 Qxe8 39. Qxe8 Rxe8 40. Bc4 Re7 41. Kf2 h5 42. h3 Bh6 43. hxg4 hxg4 44. Re1 Rxe1 45. Kxe1 Kg7 46. Be6 Bc1 47. Bxg4 f2+ 48. Kxf2 Bxb2 49. Ke3 Bxc3 50. Bc8 1-0

[Event "29. Klatovy C 2023"]
[Site "Klatovy"]
[Date "2023.07.05"]
[Round "5.12"]
[White "Rezny, Frantisek"]
[Black "Cecil, Pavel"]
[Result "0-1"]
[WhiteElo "1476"]
[BlackElo "1845"]
[PlyCount "44"]
[EventDate "2023.07.01"]
[EventType "swiss"]
[EventRounds "9"]
[EventCountry "CZE"]

1. e4 e6 2. d4 d5 3. exd5 exd5 4. Nf3 Bd6 5. Nc3 c6 6. Be2 Ne7 7. O-O O-O 8. Bg5 f6 9. Bh4 Bf5 10. Re1 Re8 11. Bd3 Bg6 12. Re2 Nd7 13. Bxg6 Nxg6 14. Bg3 Bxg3 15. hxg3 Kf7 16. Qd3 Rxe2 17. Nxe2 Qc7 18. Qf5 h6 19. Qh5 Ndf8 20. Re1 Kg8 21. c3 Qf7 22. Nh4 Nxh4 0-1

[Event "29. Klatovy C 2023"]
[Site "Klatovy"]
[Date "2023.07.05"]
[Round "5.13"]
[White "Kotrba, Antonin"]
[Black "Ondrejat, Miroslav"]
[Result "0-1"]
[WhiteElo "1125"]
[BlackElo "1838"]
[PlyCount "72"]
[EventDate "2023.07.01"]
[EventType "swiss"]
[EventRounds "9"]
[EventCountry "CZE"]

1. d4 Nf6 2. Nf3 e6 3. c4 c5 4. e3 b6 5. a3 Bb7 6. Nbd2 Be7 7. Be2 O-O 8. O-O Qc7 9. Re1 d6 10. Bd3 Nbd7 11. b3 d5 12. Bb2 Ne4 13. Rc1 Rac8 14. cxd5 exd5 15. Qc2 f5 16. dxc5 bxc5 17. Be2 Qd6 18. Red1 Qe6 19. Qb1 Ndf6 20. h3 Nxf2 21. Kxf2 Ng4+ 22. hxg4 fxg4 23. Rh1 g6 24. Qd3 Bg5 25. Ke1 gxf3 26. Bxf3 Bxe3 27. Rc3 Bd4+ 28. Kd1 Bxc3 29. Qxc3 d4 30. Qc4 Qxc4 31. Nxc4 Bxf3+ 32. gxf3 Rxf3 33. Nd2 Rf2 34. Kc1 Re8 35. Rh3 Re3 36. Rxe3 dxe3 0-1

[Event "29. Klatovy C 2023"]
[Site "Klatovy"]
[Date "2023.07.05"]
[Round "5.15"]
[White "Zednik, Zdenek"]
[Black "Svec, Ludek"]
[Result "1-0"]
[WhiteElo "1836"]
[BlackElo "1614"]
[PlyCount "97"]
[EventDate "2023.07.01"]
[EventType "swiss"]
[EventRounds "9"]
[EventCountry "CZE"]

1. Nf3 c5 2. c4 e6 3. b3 Nf6 4. Bb2 Nc6 5. g3 Be7 6. Bg2 O-O 7. d4 cxd4 8. Nxd4 d5 9. cxd5 exd5 10. O-O Nxd4 11. Bxd4 Be6 12. Nd2 Qa5 13. Bb2 Rac8 14. Nf3 Ne4 15. Nd4 Qa6 16. Nxe6 Qxe6 17. Qd3 Rfd8 18. Rac1 h6 19. Rxc8 Rxc8 20. Rc1 Rxc1+ 21. Bxc1 Bc5 22. e3 a6 23. Bb2 Qf5 24. Qc2 Bd6 25. f3 Nxg3 26. e4 Nxe4 27. fxe4 dxe4 28. Qxe4 Bc5+ 29. Kh1 Qxe4 30. Bxe4 b6 31. Kg2 a5 32. Kf3 Bg1 33. h3 Bc5 34. a4 Bg1 35. Bc1 Bh2 36. Be3 Bc7 37. Bd4 Kf8 38. Kg4 Bd8 39. Be3 Kg8 40. h4 Bc7 41. h5 Kf8 42. Bd4 Kg8 43. Kf3 Kf8 44. Ke3 f6 45. Bf5 Ke7 46. Ke4 Kd6 47. Be3 Bd8 48. Kd4 Kc6 49. Kc4 1-0

[Event "29. Klatovy C 2023"]
[Site "Klatovy"]
[Date "2023.07.05"]
[Round "5.16"]
[White "Burgermeister, Michal"]
[Black "Nussbauer, Ladislav"]
[Result "1-0"]
[WhiteElo "1745"]
[BlackElo "1516"]
[PlyCount "111"]
[EventDate "2023.07.01"]
[EventType "swiss"]
[EventRounds "9"]
[EventCountry "CZE"]

1. e4 e6 2. d4 d5 3. e5 c5 4. Nc3 Nc6 5. Nf3 Bd7 6. dxc5 Bxc5 7. Bd3 Qc7 8. Bf4 a6 9. O-O Nge7 10. a3 b5 11. Bg3 Qa7 12. b4 Bb6 13. Bxb5 axb5 14. Nxb5 Qa4 15. Nd6+ Kf8 16. Ng5 Nd8 17. Qh5 g6 18. Qh6+ Kg8 19. Nf3 Bc7 20. Nd4 Bxd6 21. exd6 Nf5 22. Nxf5 exf5 23. Be5 Ne6 24. Qh4 h5 25. Bxh8 Kxh8 26. Qf6+ Kg8 27. c3 Rc8 28. h3 Rc4 29. Rfd1 Qc6 30. Qe5 Nf4 31. b5 Qb7 32. Rd4 Rxd4 33. cxd4 Nd3 34. Qe3 Qxb5 35. Rd1 Nb2 36. Rb1 f4 37. Qc3 Na4 38. Rxb5 Nxc3 39. Rb7 Kf8 40. Rxd7 Ke8 41. Ra7 Ne2+ 42. Kf1 Nxd4 43. d7+ Kd8 44. a4 Nb3 45. Rb7 Na5 46. Rb5 Nc4 47. Rxd5 Nb6 48. Rd4 g5 49. a5 Na8 50. Ke2 Nc7 51. Kd3 Ne6 52. Rd5 f3 53. gxf3 Nf4+ 54. Ke4 Nxd5 55. Kxd5 Kxd7 56. Ke5 1-0

[Event "29. Klatovy C 2023"]
[Site "Klatovy"]
[Date "2023.07.05"]
[Round "5.17"]
[White "Hanzlik, Jiri"]
[Black "Vavrinek, Tomas"]
[Result "0-1"]
[WhiteElo "1585"]
[BlackElo "1698"]
[PlyCount "42"]
[EventDate "2023.07.01"]
[EventType "swiss"]
[EventRounds "9"]
[EventCountry "CZE"]

1. e4 c5 2. Nf3 Nc6 3. d4 cxd4 4. Nxd4 Nf6 5. Nxc6 bxc6 6. Bd3 g6 7. Nc3 d6 8. Bd2 Bg7 9. Qe2 O-O 10. e5 Ng4 11. exd6 exd6 12. O-O Re8 13. Qd1 Ne5 14. Be4 d5 15. Bf3 Bf5 16. Be2 c5 17. Rb1 d4 18. Na4 Qc8 19. b3 c4 20. Bf4 cxb3 21. axb3 Bxc2 0-1

[Event "29. Klatovy C 2023"]
[Site "Klatovy"]
[Date "2023.07.05"]
[Round "5.19"]
[White "Novy, Jaroslav"]
[Black "Jezikowska, Nadzieja 1962"]
[Result "0-1"]
[WhiteElo "1482"]
[BlackElo "1299"]
[PlyCount "42"]
[EventDate "2023.07.01"]
[EventType "swiss"]
[EventRounds "9"]
[EventCountry "CZE"]

1. e4 e5 2. Nf3 Nc6 3. Bc4 Bc5 4. b4 Bb6 5. c3 Nf6 6. d3 h6 7. O-O d6 8. h3 O-O 9. Re1 a5 10. b5 Ne7 11. a4 Ng6 12. Be3 Bxe3 13. fxe3 b6 14. Nbd2 Qe7 15. Bd5 Nxd5 16. exd5 f5 17. e4 Qf6 18. Rf1 Nf4 19. Nc4 Qg6 20. Qd2 fxe4 21. Nh4 Qg5 0-1

[Event "29. Klatovy C 2023"]
[Site "Klatovy"]
[Date "2023.07.05"]
[Round "5.20"]
[White "Mlynek, Petr"]
[Black "Stanke, Vilem"]
[Result "1-0"]
[WhiteElo "2035"]
[BlackElo "1306"]
[PlyCount "85"]
[EventDate "2023.07.01"]
[EventType "swiss"]
[EventRounds "9"]
[EventCountry "CZE"]

1. d4 Nf6 2. c4 g6 3. Nf3 Bg7 4. g3 O-O 5. Bg2 d6 6. O-O Nc6 7. Nc3 a6 8. Bf4 Rb8 9. Rc1 Bd7 10. d5 Na5 11. b3 c5 12. dxc6 Nxc6 13. Nd5 b5 14. c5 Nxd5 15. Qxd5 e5 16. Bg5 Bf6 17. Bxf6 Qxf6 18. Qxd6 Qxd6 19. cxd6 f6 20. e3 Rfd8 21. Rfd1 Bg4 22. Rxc6 e4 23. Rd4 Bxf3 24. Bxf3 exf3 25. Rf4 f5 26. Rxf3 Ra8 27. Rf4 Rd7 28. Rd4 Raa7 29. e4 fxe4 30. Rxe4 a5 31. f4 Kf7 32. Kf2 Kf6 33. Ke3 a4 34. b4 Kf5 35. h3 h6 36. Re5+ Kf6 37. Rxb5 Ke6 38. Re5+ Kf6 39. Kd4 Rab7 40. b5 g5 41. b6 gxf4 42. gxf4 a3 43. Kc5 1-0

[Event "29. Klatovy C 2023"]
[Site "Klatovy"]
[Date "2023.07.05"]
[Round "5.21"]
[White "Tomecek, Marian"]
[Black "Nisztuk, Michal"]
[Result "1/2-1/2"]
[WhiteElo "1294"]
[BlackElo "1424"]
[PlyCount "60"]
[EventDate "2023.07.01"]
[EventType "swiss"]
[EventRounds "9"]
[EventCountry "CZE"]

1. Nf3 d5 2. d4 c5 3. dxc5 Nc6 4. e3 e5 5. Be2 Bxc5 6. O-O Nf6 7. Bb5 O-O 8. Bxc6 bxc6 9. Nxe5 Qd6 10. Nf3 Bg4 11. Nbd2 Rfe8 12. c3 Re7 13. b4 Bb6 14. Qc2 a5 15. Bb2 Bc7 16. c4 axb4 17. Bxf6 Qxf6 18. cxd5 cxd5 19. Qb3 Qd6 20. Qd3 Ra3 21. Qd4 f5 22. g3 Re6 23. Qb2 Rh6 24. Nd4 Rh3 25. Nb5 Qh6 26. Qd4 Rxh2 27. Qxd5+ Kf8 28. Qc5+ Kg8 29. Qd5+ Kf8 30. Qc5+ Kg8 1/2-1/2

[Event "29. Klatovy C 2023"]
[Site "Klatovy"]
[Date "2023.07.05"]
[Round "5.22"]
[White "Kotesovec, Jaroslav"]
[Black "Berka, Lubos"]
[Result "1-0"]
[WhiteElo "1473"]
[BlackElo "1715"]
[PlyCount "91"]
[EventDate "2023.07.01"]
[EventType "swiss"]
[EventRounds "9"]
[EventCountry "CZE"]

1. e4 c6 2. d4 d5 3. e5 e6 4. Bd3 c5 5. dxc5 Bxc5 6. Nf3 Nc6 7. c3 Nge7 8. b4 Bb6 9. O-O Ng6 10. Re1 Bc7 11. Bxg6 hxg6 12. Bf4 Rh5 13. Qd3 Bd7 14. Na3 Qb8 15. Nc2 Rf5 16. Qe3 Bb6 17. Ncd4 Rh5 18. Qd2 a6 19. Nxc6 bxc6 20. Rad1 Bd8 21. a3 Qb7 22. Qd3 Qb5 23. Qd2 Rc8 24. Nd4 Qb7 25. Qd3 Bc7 26. Re3 g5 27. Bg3 Ke7 28. Qe2 Rch8 29. Qg4 Bb6 30. Rf3 Qa7 31. Rfd3 Bxd4 32. cxd4 f5 33. exf6+ gxf6 34. Re1 e5 35. Qd1 e4 36. f3 f5 37. fxe4 dxe4 38. Rc3 R5h6 39. h3 g4 40. h4 Rg8 41. Rc5 Rh5 42. d5 Rg6 43. d6+ Ke8 44. Kh2 Rgh6 45. Qd4 Kf7 46. Rxf5+ 1-0

[Event "29. Klatovy C 2023"]
[Site "Klatovy"]
[Date "2023.07.05"]
[Round "5.3"]
[White "Novotny, Jaroslav2"]
[Black "Korsa, Jindrich"]
[Result "1-0"]
[WhiteElo "1890"]
[BlackElo "1997"]
[PlyCount "119"]
[EventDate "2023.07.01"]
[EventType "swiss"]
[EventRounds "9"]
[EventCountry "CZE"]
[TimeControl "120+30"]

1. e4 {[%emt 0:00:05]} d5 {[%emt 0:00:15]} 2. exd5 {[%emt 0:00:08]} Qxd5 {[%emt 0:00:00]} 3. Nc3 {[%emt 0:00:15]} Qd8 {[%emt 0:00:06]} 4. Nf3 {[%emt 0:01:10]} Nf6 {[%emt 0:00:11]} 5. Bc4 {[%emt 0:02:30]} Bf5 {[%emt 0:00:18]} 6. d3 {[%emt 0:00:38]} e6 {[%emt 0:00:18]} 7. h3 {[%emt 0:01:49]} Nbd7 {[%emt 0:02:12]} 8. a3 {[%emt 0:00:29]} c6 {[%emt 0:00:19]} 9. Qe2 {[%emt 0:06:01]} Be7 {[%emt 0:02:17]} 10. Nh4 {[%emt 0:04:02]} Bg6 {[%emt 0:02:24]} 11. Nxg6 {[%emt 0:01:57]} hxg6 {[%emt 0:00:07]} 12. Bf4 {[%emt 0:02:31]} Nb6 {[%emt 0:04:20]} 13. Ba2 {[%emt 0:01:30]} Nbd5 {[%emt 0:00:12]} 14. Nxd5 {[%emt 0:03:31]} cxd5 {[%emt 0:01:09]} 15. O-O {[%emt 0:04:27]} O-O {[%emt 0:03:23]} 16. d4 {[%emt 0:03:19]} Bd6 {[%emt 0:02:31]} 17. Bxd6 {[%emt 0:01:49]} Qxd6 {[%emt 0:00:00]} 18. c3 {[%emt 0:00:54]} Qf4 {[%emt 0:04:42]} 19. Rae1 {[%emt 0:02:47]} Ne4 {[%emt 0:00:46]} 20. Rd1 {[%emt 0:04:08]} Rac8 {[%emt 0:01:48]} 21. Bb1 {[%emt 0:02:04]} Nd6 {[%emt 0:00:27]} 22. Bd3 {[%emt 0:02:21]} Rc7 {[%emt 0:04:20]} 23. Rfe1 {[%emt 0:05:37]} Rb8 {[%emt 0:01:12]} 24. Qe5 {[%emt 0:01:42]} Qxe5 {[%emt 0:00:11]} 25. dxe5 {[%emt 0:01:35]} Nc4 {[%emt 0:01:39]} 26. Bxc4 {[%emt 0:01:43]} Rxc4 {[%emt 0:00:07]} 27. f3 {[%emt 0:04:48]} Kf8 {[%emt 0:02:13]} 28. Kf2 {[%emt 0:00:20]} Ke7 {[%emt 0:00:09]} 29. Rd3 {[%emt 0:02:16]} Rbc8 {[%emt 0:00:38]} 30. Red1 {[%emt 0:00:30]} Kd7 {[%emt 0:04:26]} 31. Rd4 {[%emt 0:00:44]} b5 {[%emt 0:06:54]} 32. Ke3 {[%emt 0:00:22]} Kc6 {[%emt 0:05:04]} 33. Rxc4+ {[%emt 0:02:01]} bxc4 {[%emt 0:00:02]} 34. Kd2 {[%emt 0:00:37]} Rh8 {[%emt 0:01:19]} 35. Kc2 {[%emt 0:00:44]} Rh5 {[%emt 0:00:58]} 36. Re1 {[%emt 0:00:41]} Kc5 {[%emt 0:00:42]} 37. Kd2 {[%emt 0:08:28]} Rh4 {[%emt 0:07:17]} 38. Re2 {[%emt 0:06:45]} a5 {[%emt 0:04:31]} 39. Kc2 {[%emt 0:04:57]} a4 {[%emt 0:01:02]} 40. Kd2 {[%emt 0:00:07]} Rh5 {[%emt 0:11:05]} 41. Kc2 {[%emt 0:01:15]} Rf5 {[%emt 0:00:22]} 42. Kd2 {[%emt 0:00:44]} d4 {[%emt 0:04:23]} 43. cxd4+ {[%emt 0:00:56]} Kxd4 {[%emt 0:01:24]} 44. Re4+ {[%emt 0:00:09]} Kd5 {[%emt 0:01:42]} 45. Kc3 {[%emt 0:00:11]} g5 {[%emt 0:00:59]} 46. Rd4+ {[%emt 0:01:00]} Kxe5 {[%emt 0:00:08]} 47. Rxc4 {[%emt 0:02:27]} Kf6 {[%emt 0:01:48]} 48. Rxa4 {[%emt 0:00:37]} Re5 {[%emt 0:00:26]} 49. Rd4 {[%emt 0:01:26]} Re2 {[%emt 0:02:11]} 50. Rd2 {[%emt 0:00:13]} Re1 {[%emt 0:00:06]} 51. b4 {[%emt 0:00:46]} Re3+ {[%emt 0:00:16]} 52. Kb2 {[%emt 0:00:44]} Ke5 {[%emt 0:00:07]} 53. a4 {[%emt 0:00:32]} Kf4 {[%emt 0:00:12]} 54. b5 {[%emt 0:00:57]} Re5 {[%emt 0:00:50]} 55. Kb3 {[%emt 0:00:31]} Ke3 {[%emt 0:00:17]} 56. Rc2 {[%emt 0:00:24]} Kd3 {[%emt 0:00:22]} 57. Rc7 {[%emt 0:01:16]} Re2 {[%emt 0:00:36]} 58. Rc3+ {[%emt 0:02:12]} Kd4 {[%emt 0:00:06]} 59. Rc2 {[%emt 0:00:16]} Re1 {[%emt 0:00:17]} 60. Kb4 {[%emt 0:00:19]} 1-0

[Event "29. Klatovy C 2023"]
[Site "Klatovy"]
[Date "2023.07.05"]
[Round "5.7"]
[White "Petras, Milan"]
[Black "Truksa, Vaclav"]
[Result "1-0"]
[WhiteElo "1866"]
[BlackElo "1725"]
[PlyCount "35"]
[EventDate "2023.07.01"]
[EventType "swiss"]
[EventRounds "9"]
[EventCountry "CZE"]
[TimeControl "120+30"]

1. c4 {[%emt 0:05:53]} Nf6 {[%emt 0:00:17]} 2. d4 {[%emt 0:01:03]} g6 {[%emt 0:00:13]} 3. Nc3 {[%emt 0:00:38]} Bg7 {[%emt 0:00:16]} 4. e4 {[%emt 0:01:19]} d6 {[%emt 0:00:17]} 5. f3 {[%emt 0:01:12]} O-O {[%emt 0:00:29]} 6. Be3 {[%emt 0:00:23]} c6 {[%emt 0:03:18]} 7. Qd2 {[%emt 0:01:25]} Bd7 {[%emt 0:01:35]} 8. g4 {[%emt 0:01:15]} b5 {[%emt 0:04:21]} 9. h4 {[%emt 0:02:32]} h5 {[%emt 0:00:49]} 10. Bh6 {[%emt 0:08:08]} bxc4 {[%emt 0:00:30]} 11. e5 {[%emt 0:19:31]} Ne8 {[%emt 0:08:02]} 12. Bxc4 {[%emt 0:05:36]} Be6 {[%emt 0:05:15]} 13. Bxe6 {[%emt 0:06:55]} fxe6 {[%emt 0:00:30]} 14. gxh5 {[%emt 0:04:36]} dxe5 {[%emt 0:01:15]} 15. Bxg7 {[%emt 0:15:31]} Kxg7 {[%emt 0:01:57]} 16. Qg5 {[%emt 0:08:08]} Qxd4 {[%emt 0:04:09]} 17. Qxg6+ {[%emt 0:08:37]} Kh8 {[%emt 0:00:35]} 18. Nge2 {[%emt 0:00:32]} 1-0

[Event "29. Klatovy C 2023"]
[Site "Klatovy"]
[Date "2023.07.05"]
[Round "5.8"]
[White "Sibl, Vaclav"]
[Black "Vachal, Josef"]
[Result "1/2-1/2"]
[WhiteElo "1840"]
[BlackElo "1762"]
[PlyCount "97"]
[EventDate "2023.07.01"]
[EventType "swiss"]
[EventRounds "9"]
[EventCountry "CZE"]
[TimeControl "120+30"]

1. d4 {[%emt 0:00:35]} Nf6 {[%emt 0:00:14]} 2. Bf4 {[%emt 0:00:26]} g6 {[%emt 0:00:45]} 3. Nc3 {[%emt 0:00:16]} d5 {[%emt 0:01:27]} 4. e3 {[%emt 0:00:28]} Bg7 {[%emt 0:03:15]} 5. h4 {[%emt 0:01:48]} O-O {[%emt 0:07:12]} 6. h5 {[%emt 0:00:58]} Bf5 {[%emt 0:20:02]} 7. hxg6 {[%emt 0:01:54]} Bxg6 {[%emt 0:02:12]} 8. Nf3 {[%emt 0:03:40]} Nbd7 {[%emt 0:12:45]} 9. Be2 {[%emt 0:01:55]} Re8 {[%emt 0:10:32]} 10. Ne5 {[%emt 0:00:45]} Nxe5 {[%emt 0:01:26]} 11. Bxe5 {[%emt 0:01:16]} Ne4 {[%emt 0:02:18]} 12. Bxg7 {[%emt 0:01:08]} Nxc3 {[%emt 0:00:48]} 13. bxc3 {[%emt 0:00:24]} Kxg7 {[%emt 0:00:12]} 14. f4 {[%emt 0:11:04]} f5 {[%emt 0:18:40]} 15. Bd3 {[%emt 0:02:58]} e6 {[%emt 0:00:18]} 16. Qf3 {[%emt 0:00:58]} Re7 {[%emt 0:04:49]} 17. Qh3 {[%emt 0:03:30]} Kg8 {[%emt 0:03:11]} 18. Qh6 {[%emt 0:06:36]} Qf8 {[%emt 0:01:13]} 19. Qg5 {[%emt 0:00:20]} Rg7 {[%emt 0:00:16]} 20. Rh2 {[%emt 0:01:34]} Qe7 {[%emt 0:04:12]} 21. Qxe7 {[%emt 0:08:54]} Rxe7 {[%emt 0:00:02]} 22. c4 {[%emt 0:00:17]} c6 {[%emt 0:00:44]} 23. Kd2 {[%emt 0:00:53]} Be8 {[%emt 0:07:01]} 24. Rah1 {[%emt 0:00:28]} Rg7 {[%emt 0:02:08]} 25. cxd5 {[%emt 0:03:47]} cxd5 {[%emt 0:00:23]} 26. c4 {[%emt 0:00:01]} Bc6 {[%emt 0:01:57]} 27. c5 {[%emt 0:01:45]} Re8 {[%emt 0:02:44]} 28. Ke2 {[%emt 0:02:05]} Ree7 {[%emt 0:00:10]} 29. Kf2 {[%emt 0:00:15]} Rg6 {[%emt 0:01:30]} 30. Rh6 {[%emt 0:03:07]} Rxh6 {[%emt 0:03:15]} 31. Rxh6 {[%emt 0:00:02]} Be8 {[%emt 0:01:24]} 32. Rh4 {[%emt 0:01:31]} Rg7 {[%emt 0:01:00]} 33. Be2 {[%emt 0:02:22]} b6 {[%emt 0:01:37]} 34. cxb6 {[%emt 0:00:17]} axb6 {[%emt 0:00:05]} 35. g4 {[%emt 0:00:24]} Ra7 {[%emt 0:00:35]} 36. gxf5 {[%emt 0:00:35]} exf5 {[%emt 0:01:45]} 37. Rh6 {[%emt 0:04:49]} Bg6 {[%emt 0:00:14]} 38. Bf3 {[%emt 0:02:34]} Rxa2+ {[%emt 0:00:06]} 39. Kg3 {[%emt 0:01:04]} Ra5 {[%emt 0:00:53]} 40. Rh1 {[%emt 0:01:09]} Rb5 {[%emt 0:01:11]} 41. Rc1 {[%emt 0:01:14]} Kg7 {[%emt 0:00:44]} 42. Rc7+ {[%emt 0:01:30]} Kf6 {[%emt 0:00:45]} 43. Rb7 {[%emt 0:04:20]} Ke6 {[%emt 0:01:36]} 44. Rb8 {[%emt 0:03:26]} Kd7 {[%emt 0:01:28]} 45. Rb7+ {[%emt 0:01:41]} Kc6 {[%emt 0:00:48]} 46. Re7 {[%emt 0:00:17]} Kd6 {[%emt 0:01:35]} 47. Re5 {[%emt 0:00:49]} Ra5 {[%emt 0:00:29]} 48. Kh4 {[%emt 0:00:18]} Rb5 {[%emt 0:02:48]} 49. Kg5 {[%emt 0:00:44]} 1/2-1/2